Từ điển bách khoa Việt Nam, tập 2 vần E-M

Bewaard in:
Bibliografische gegevens
Hoofdauteur: Nguyễn Hữu Quỳnh
Formaat: Boek
Taal:English
Gepubliceerd in: Từ điển Bách khoa 2002
Onderwerpen:
Tags: Voeg label toe
Geen labels, Wees de eerste die dit record labelt!
Thư viện lưu trữ: Mạng thư viện Đại học Đà Nẵng
LEADER 01096cam a22003131a 4500
001 000033007
003 9136
005 20151021000000.0
008 151016s2002 vm 000 eng
041 |a eng 
082 |a 495.923  |b NG-Q 
100 |a Nguyễn Hữu Quỳnh 
245 |a Từ điển bách khoa Việt Nam, tập 2 vần E-M  |c Nguyễn Hữu Quỳnh 
260 |a Từ điển Bách khoa  |c 2002 
300 |a 962tr. : mh ; 30 cm 
650 |a Từ điển, bách khoa, Việt Nam, tập 2, 2002, vần E-M, Nguyễn Hữu Quỳnh 
852 |b Chuyên đề  |c Từ điền 1 
OWN |a LNN 
AVA |a UDN50  |b LNN  |d 495.923 NG-Q  |e available  |t Error 5001 Not defined in file expand_doc_bib_avail.  |f 1  |g 0  |h N  |i 0  |k 1 
999 |a From the UDN01 
AVA |a UDN50  |b LNN  |d 495.923 NG-Q  |e available  |t Error 5001 Not defined in file expand_doc_bib_avail.  |f 1  |g 0  |h N  |i 0  |k 1 
TYP |a Monograph 
980 |a Mạng thư viện Đại học Đà Nẵng